[Event "Blackpool Open"]
[Site "Blackpool"]
[Date "2025.02.09"]
[Round "5.12"]
[White "Hepworth, Peter"]
[Black "Jaunooby, Ali Reza"]
[Result "0-1"]
[WhiteElo "1940"]
[BlackElo "2068"]
[PlyCount "112"]
[EventDate "2025.02.07"]
[EventRounds "5"]
[EventCountry "ENG"]
[SourceTitle "BritBase"]
[Source "John Saunders"]
[SourceDate "2025.02.25"]
[SourceVersion "1"]
[SourceVersionDate "2025.02.25"]
[SourceQuality "1"]

1. d4 {109} c5 {164} 2. d5 {6} g6 {15} 3. e4 {11} d6 {19} 4. Bb5+ {12} Nd7 {9} 5. a4 {30} Bg7 {17} 6. Nf3 {37} Ngf6 {30} 7. Nc3 {14} O-O {20} 8. O-O {24} a6 {44} 9. Be2 {26} Qc7 {65} 10. h3 {87} e6 {49} 11. Bf4 {68} exd5 {35} 12. exd5 {25} Re8 {33} 13. Nd2 {99} Ne5 {30} 14. Bxe5 {16} Rxe5 {9} 15. Nc4 {17} Re7 {139} 16. a5 {114} Bf5 {36} 17. Ra3 {403} Rae8 {56} 18. Bf3 {202} g5 {87} 19. g4 {714} Bg6 {155} 20. Na4 {184} Nd7 {399} 21. Qd2 {154} h6 {492} 22. Nab6 {48} Nf8 {39} 23. c3 {142} Be4 {12} 24. Bd1 {14} Bh7 {351} 25. Ba4 {133} Re2 {136} 26. Qc1 {97} R8e7 {196} 27. Ne3 {690} Ng6 {58} 28. Nf5 {353} Nf4 {13} 29. Nxe7+ {274} Qxe7 {6} 30. c4 {59} Bxb2 {57} 31. Re3 {112} Bxc1 {80} 32. Rxe7 {6} Rxe7 {2} 33. Rxc1 {62} Ne2+ {3} 34. Kg2 {35} Nxc1 {14} 35. Nc8 {4} Re2 {70} 36. Nxd6 {74} Nd3 {23} 37. Bd7 {337} Rxf2+ {42} 38. Kg3 {25} Rb2 {72} 39. Bf5 {29} Ne1 {51} 40. h4 {130} gxh4+ {23} 41. Kxh4 {23} Rb3 {9} 42. g5 {106} Ng2+ {56} 43. Kh5 {23} Nf4+ {74} 44. Kg4 {15} Ng6 {90} 45. gxh6 {96} b6 {44} 46. Kg5 {437} bxa5 {28} 47. Ne4 {6} a4 {210} 48. d6 {894} a3 {240} 49. Nf6+ {53} Kh8 {25} 50. Bc8 {331} Nf8 {165} 51. Ng4 {38} a2 {50} 52. Ne5 {15} f6+ {23} 53. Kxf6 {4} a1=Q {13} 54. d7 {17} Rf3+ {32} 55. Ke7 {20} Qxe5+ {16} 56. Kd8 {3} Ng6 {33} 0-1